书目信息 |
| 题名: |
微积分辅导
|
|
| 作者: | 吴灵敏 , 缪克英 , 龚漫奇 编著 | |
| 分册: | 下 | |
| 出版信息: | 北京 清华大学出版社 2007.03 |
|
| 页数: | 313页 | |
| 开本: | 23cm | |
| 丛书名: | 大学教学系列丛书 | |
| 单 册: | ||
| 中图分类: | O172 | |
| 科图分类: | ||
| 主题词: | 微积分--wei ji fen--高等学校--教学参考资料 | |
| 电子资源: | ||
| ISBN: | 978-7-81082-956-4 | |
| 000 | 01088nam 2200265 450 | |
| 001 | 012007187077 | |
| 005 | 20070926162835.09 | |
| 010 | @a978-7-81082-956-4@dCNY29.00 | |
| 100 | @a20070721d2007 km y0chiy0120 ea | |
| 101 | 0 | @achi |
| 102 | @aCN@b110000 | |
| 105 | @aak z 000yy | |
| 200 | 1 | @a微积分辅导@Awei ji fen fu dao@h下@f龚漫奇, 吴灵敏, 缪克英编著@Fgong man qi,wu ling min,miao ke ying bian zhu |
| 210 | @a北京@c清华大学出版社@c北京交通大学出版社@d2007.03 | |
| 215 | @a313页@c图@d23cm | |
| 225 | 2 | @a大学教学系列丛书@Ada xue jiao xue xi lie cong shu |
| 330 | @a本书共分为5章,主要内容包括:多元函数微分学、重积分、曲线积分与曲面积分、无穷级数、微分方程等。此外,本书后附有模拟试卷和参考答案。本书可作为高等院校理工科专业微积分课程的辅导教材,也可供各类成人教育和自学考试人员使用。 | |
| 410 | 0 | @12001 @a大学教学系列丛书 |
| 606 | 0 | @a微积分@Awei ji fen@x高等学校@j教学参考资料 |
| 690 | @aO172@v4 | |
| 701 | 0 | @a吴灵敏@Awu ling min@4编著 |
| 701 | 0 | @a缪克英@Amiao ke ying@4编著 |
| 701 | 0 | @a龚漫奇@Agong man qi@4编著 |
| 801 | 0 | @aCN@c20070926 |
| 905 | @dO172@eG387:2 | |
| 微积分辅导.下/龚漫奇, 吴灵敏, 缪克英编著.-北京:清华大学出版社:北京交通大学出版社,2007.03 |
| 313页:图;23cm.-(大学教学系列丛书) |
| ISBN 978-7-81082-956-4:CNY29.00 |
| 本书共分为5章,主要内容包括:多元函数微分学、重积分、曲线积分与曲面积分、无穷级数、微分方程等。此外,本书后附有模拟试卷和参考答案。本书可作为高等院校理工科专业微积分课程的辅导教材,也可供各类成人教育和自学考试人员使用。 |
| ● |
| 相关链接 |
|
|
|
正题名:微积分辅导
索取号:O172/G387:2
 
预约/预借
| 序号 | 登录号 | 条形码 | 馆藏地/架位号 | 状态 | 备注 |
| 1 | 245628 | 202456289 | 自科库401/401自科库 73排1列3层/ [索取号:O172/G387:2] | 在馆 | |
| 2 | 245629 | 202456298 | 期刊室512/401自科库 73排1列3层/ [索取号:O172/G387:2] | 在馆 | |
| 3 | 245630 | 202456305 | 自科库401/401自科库 73排1列3层/ [索取号:O172/G387:2] | 在馆 |